Nationalism and the genealogical imagination : (Record no. 5176)

MARC details
000 -LEADER
fixed length control field 01328nac a22003371i 4500
003 - CONTROL NUMBER IDENTIFIER
control field EG-ScBUE
005 - DATE AND TIME OF LATEST TRANSACTION
control field 20240805100609.0
008 - FIXED-LENGTH DATA ELEMENTS--GENERAL INFORMATION
fixed length control field 240805t1997 cauab f b 001 0 eng d
020 ## - INTERNATIONAL STANDARD BOOK NUMBER
International Standard Book Number 9780520201019
020 ## - INTERNATIONAL STANDARD BOOK NUMBER
International Standard Book Number 0520201019 (pbk. : alk. paper)
040 ## - CATALOGING SOURCE
Original cataloging agency EG-ScBUE
Language of cataloging eng
Description conventions rda
Transcribing agency EG-ScBUE
Modifying agency EG-ScBUE
043 ## - GEOGRAPHIC AREA CODE
Geographic area code a-jo---
082 04 - DEWEY DECIMAL CLASSIFICATION NUMBER
Classification number 956.950049
Item number SHR
Edition number 22
100 1# - MAIN ENTRY--PERSONAL NAME
Personal name Shryock, Andrew,
Relator term author.
245 10 - TITLE STATEMENT
Title Nationalism and the genealogical imagination :
Remainder of title oral history and textual authority in tribal Jordan /
Statement of responsibility, etc Andrew Shryock.
264 #1 - PUBLICATION, DISTRIBUTION, ETC. (IMPRINT)
Place of publication, distribution, etc Berkeley, California :
Name of publisher, distributor, etc University of California Press,
Date of publication, distribution, etc [1997]
264 #4 - PUBLICATION, DISTRIBUTION, ETC. (IMPRINT)
Date of publication, distribution, etc c1997
300 ## - PHYSICAL DESCRIPTION
Extent xi, 359 pages :
Other physical details illustrations, maps ;
Dimensions 24 cm
336 ## - CONTENT TYPE
Source rdacontent
Content type term text
Content type code txt
337 ## - MEDIA TYPE
Media type term unmediated
Source rdamedia
Media type code n
338 ## - CARRIER TYPE
Carrier type term volume
Carrier type code nc
Source rdacarrier
504 ## - BIBLIOGRAPHY, ETC. NOTE
Bibliography, etc Includes bibliographical references and index.
650 #7 - SUBJECT ADDED ENTRY--TOPICAL TERM
Topical term or geographic name as entry element Bedouins
Geographic subdivision Jordan.
Source of heading or term BUEsh
650 #7 - SUBJECT ADDED ENTRY--TOPICAL TERM
Topical term or geographic name as entry element Bedouins
Geographic subdivision Jordan
General subdivision Historiography.
Source of heading or term BUEsh
650 #7 - SUBJECT ADDED ENTRY--TOPICAL TERM
Topical term or geographic name as entry element Oral tradition
Geographic subdivision Jordan.
Source of heading or term BUEsh
651 #7 - SUBJECT ADDED ENTRY--GEOGRAPHIC NAME
Geographic name Jordan
General subdivision Genealogy.
Source of heading or term BUEsh
655 ## - INDEX TERM--GENRE/FORM
Form subdivision Reading book
856 42 - ELECTRONIC LOCATION AND ACCESS
Materials specified Contributor biographical information
Uniform Resource Identifier <a href="http://www.loc.gov/catdir/bios/ucal051/95039809.html">http://www.loc.gov/catdir/bios/ucal051/95039809.html</a>
856 42 - ELECTRONIC LOCATION AND ACCESS
Materials specified Publisher description
Uniform Resource Identifier <a href="http://www.loc.gov/catdir/description/ucal041/95039809.html">http://www.loc.gov/catdir/description/ucal041/95039809.html</a>
942 ## - ADDED ENTRY ELEMENTS (KOHA)
Koha item type Book - Borrowing
Source of classification or shelving scheme Dewey Decimal Classification
Holdings
Withdrawn status Lost status Source of classification or shelving scheme Damaged status Not for loan Collection code Home library Current library Shelving location Date acquired Source of acquisition Total Checkouts Total Renewals Full call number Barcode Date last seen Date checked out Price effective from Koha item type
    Dewey Decimal Classification     Alahram Central Library Central Library Second Floor 21/10/2007 Purchase 4 11 956.950049 SHR 000006431 15/07/2025 05/09/2016 21/10/2007 Book - Borrowing